La province du Limousin de A à Z - Statistiques

Statistiques générales
  • Ce quiz a été pris 65 fois
  • Le résultat moyen est 7 sur 26
Statistiques - réponses
Lettre Question Réponse % Correct
M Evangélisateur du Limousin Martial | Martin de Brive
89%
F Ancien président de la République longtemps maire de Tulle (prénom et nom) François Hollande
87%
C Département dont le territoire faisait partie du Limousin Corrèze
72%
O Métal exploité dans des mines à ciel ouvert par les Gaulois Or
63%
B Briva Curretia pour les Romains Brive-la-Gaillarde
54%
W Peuple qui occupe le Limousin au Ve siècle Wisigoths
41%
L Peuple qui occupe le Limousin à l'époque de César Lémovices
35%
H Roi qui est avant son avènement vicomte de Limoges Henri IV
31%
U Commune installée par les Gaulois sur un piton rocheux entouré d'un méandre Uzerche
31%
G Résistant limousin ayant mis à l'arrêt pendant 5 mois une usine de caoutchouc Georges Guingouin
30%
E Orfèvre formé à Limoges devenu conseiller et trésorier de Clotaire II Eloi
22%
X Pape né à Rosiers-d'Egletons vers 1330. Grégoire... XI
22%
J Fils d'un comte de Cambrai ayant vécu en ermite sur le site de la ville qui porte son nom Junien
19%
K Footballeur né à Tulle en 1985 (prénom et nom) Laurent Koscielny
19%
T Dernière vicomté limousine à être rattachée au domaine royal en 1738 Turenne
15%
S Abbaye fondée par St Eloi Solignac
13%
I Pape né à Beyssac en 1282 Innocent VI
11%
D Médecin né dans le Limousin en 1777, il a laissé son nom à une contracture de la paume (prénom et nom) Guillaume Dupuytren
6%
V Ville principale des Gaulois limousins Villejoubert
4%
A Famille qui possède une partie du Limousin au XVe siècle Albret | Armagnac
2%
R Réalisateur français, né en 1920 une des figures de la Nouvelle vague (prénom et nom) Eric Rohmer
2%
Y Site habité dès la préhistoire, on y a trouvé des haches polies Yssandon
2%
Q Scénariste et réalisatrice née à Bort-les-Orgues en 1946 (prénom et nom) Florence Quentin
0%
N Championne d'Europe et recorwoman du monde du 400 m qui a grandi à Brive (prénom et nom) Nicole Duclos
0%
P Saint à l'origine par l'installation d'une abbaye sur le site de la ville de Guéret Pardoux
0%
Z Basketteuse née en 2002 à Limoges (prénom et nom) Zoé Chalumeau
0%
Aucun quiz correspondant
Distribution des résultats
% des personnes avec chaque résultat
Percentile par nombre de réponses
Votre historique - résultats
Vous n’avez pas pris ce quiz